<?xml version="1.0" encoding="UTF-8"?>
<record
    xmlns:xsi="http://www.w3.org/2001/XMLSchema-instance"
    xsi:schemaLocation="http://www.loc.gov/MARC21/slim http://www.loc.gov/standards/marcxml/schema/MARC21slim.xsd"
    xmlns="http://www.loc.gov/MARC21/slim">

  <leader>01934njm0a22004331  4500</leader>
  <controlfield tag="001">RU\NLR\ONIZ\196721</controlfield>
  <controlfield tag="005">20250708192134.0</controlfield>
  <datafield tag="035" ind1=" " ind2=" ">
    <subfield code="a">(NLR Aleph) 010404481</subfield>
  </datafield>
  <datafield tag="035" ind1=" " ind2=" ">
    <subfield code="a">RU\NLR\ONIZ\GALA\5000003744\20110524194572</subfield>
  </datafield>
  <datafield tag="071" ind1="0" ind2="0">
    <subfield code="a">NS 0604</subfield>
  </datafield>
  <datafield tag="090" ind1=" " ind2=" ">
    <subfield code="a">13282122</subfield>
    <subfield code="c">13282122</subfield>
  </datafield>
  <datafield tag="100" ind1=" " ind2=" ">
    <subfield code="a">20110524d2006    |||y0rusy50      ca</subfield>
  </datafield>
  <datafield tag="102" ind1=" " ind2=" ">
    <subfield code="a">RU</subfield>
  </datafield>
  <datafield tag="126" ind1=" " ind2=" ">
    <subfield code="a">axuxxxu      ux</subfield>
    <subfield code="b">xxx</subfield>
  </datafield>
  <datafield tag="127" ind1=" " ind2=" ">
    <subfield code="a">000041</subfield>
  </datafield>
  <datafield tag="200" ind1="1" ind2=" ">
    <subfield code="a">&#x41D;&#x430; &#x43F;&#x43E;&#x43B;&#x43F;&#x443;&#x442;&#x438;</subfield>
    <subfield code="b">&#x417;&#x432;&#x443;&#x43A;&#x43E;&#x437;&#x430;&#x43F;&#x438;&#x441;&#x44C;</subfield>
    <subfield code="f">&#x421;. &#x41E;&#x440;&#x43B;&#x43E;&#x432;</subfield>
  </datafield>
  <datafield tag="210" ind1=" " ind2=" ">
    <subfield code="a">&#x412;&#x43B;&#x430;&#x434;&#x438;&#x432;&#x43E;&#x441;&#x442;&#x43E;&#x43A;</subfield>
    <subfield code="c">NovikovStudio</subfield>
    <subfield code="d">2006</subfield>
  </datafield>
  <datafield tag="215" ind1=" " ind2=" ">
    <subfield code="a">1 &#x437;&#x432;. &#x434;&#x438;&#x441;&#x43A; (41 &#x43C;&#x438;&#x43D;.), &#x432; &#x444;&#x443;&#x442;&#x43B;.</subfield>
    <subfield code="e">&#x43F;&#x440;&#x438;&#x43B;. (12 &#x441;.)</subfield>
  </datafield>
  <datafield tag="327" ind1="1" ind2=" ">
    <subfield code="a">1. &#x41B;&#x435;&#x442;&#x435;&#x442;&#x44C;;</subfield>
    <subfield code="a">2. &#x41F;&#x43E;&#x43B;&#x43F;&#x443;&#x442;&#x438;;</subfield>
    <subfield code="a">3. &#x41F;&#x43E;&#x441;&#x43B;&#x435;&#x434;&#x43D;&#x435;&#x435; &#x441;&#x432;&#x438;&#x434;&#x430;&#x43D;&#x438;&#x435;;</subfield>
    <subfield code="a">4. &#x411;&#x435;&#x437; &#x442;&#x435;&#x431;&#x44F;;</subfield>
    <subfield code="a">5. &#x413;&#x434;&#x435; &#x442;&#x44B; &#x442;&#x435;&#x43F;&#x435;&#x440;&#x44C;;</subfield>
    <subfield code="a">6. &#x41F;&#x43E;&#x43C;&#x43D;&#x438;&#x448;&#x44C;;</subfield>
    <subfield code="a">7. &#x417;&#x438;&#x43C;&#x43D;&#x44F;&#x44F;;</subfield>
    <subfield code="a">8. Adagio da capo;</subfield>
    <subfield code="a">9. &#x41B;&#x438;&#x448;&#x44C; &#x441;&#x435;&#x440;&#x434;&#x446;&#x435; &#x437;&#x43D;&#x430;&#x435;&#x442;;</subfield>
    <subfield code="a">10. &#x417;&#x432;&#x435;&#x437;&#x434;&#x430;;</subfield>
    <subfield code="a">11. &#x41F;&#x43E;&#x43C;&#x43D;&#x438;&#x448;&#x44C; : speeded/remixed version</subfield>
  </datafield>
  <datafield tag="464" ind1=" " ind2="0">
    <subfield code="1">2001#$aAdagio da capo</subfield>
    <subfield code="t">Adagio da capo</subfield>
  </datafield>
  <datafield tag="464" ind1=" " ind2="0">
    <subfield code="1">2001#$a&#x411;&#x435;&#x437; &#x442;&#x435;&#x431;&#x44F;</subfield>
    <subfield code="t">&#x411;&#x435;&#x437; &#x442;&#x435;&#x431;&#x44F;</subfield>
  </datafield>
  <datafield tag="464" ind1=" " ind2="0">
    <subfield code="1">2001#$a&#x413;&#x434;&#x435; &#x442;&#x44B; &#x442;&#x435;&#x43F;&#x435;&#x440;&#x44C;</subfield>
    <subfield code="t">&#x413;&#x434;&#x435; &#x442;&#x44B; &#x442;&#x435;&#x43F;&#x435;&#x440;&#x44C;</subfield>
  </datafield>
  <datafield tag="464" ind1=" " ind2="0">
    <subfield code="1">2001#$a&#x417;&#x432;&#x435;&#x437;&#x434;&#x430;</subfield>
    <subfield code="t">&#x417;&#x432;&#x435;&#x437;&#x434;&#x430;</subfield>
  </datafield>
  <datafield tag="464" ind1=" " ind2="0">
    <subfield code="1">2001#$a&#x417;&#x438;&#x43C;&#x43D;&#x44F;&#x44F;</subfield>
    <subfield code="t">&#x417;&#x438;&#x43C;&#x43D;&#x44F;&#x44F;</subfield>
  </datafield>
  <datafield tag="464" ind1=" " ind2="0">
    <subfield code="1">2001#$a&#x41B;&#x435;&#x442;&#x435;&#x442;&#x44C;</subfield>
    <subfield code="t">&#x41B;&#x435;&#x442;&#x435;&#x442;&#x44C;</subfield>
  </datafield>
  <datafield tag="464" ind1=" " ind2="0">
    <subfield code="1">2001#$a&#x41B;&#x438;&#x448;&#x44C; &#x441;&#x435;&#x440;&#x434;&#x446;&#x435; &#x437;&#x43D;&#x430;&#x435;&#x442;</subfield>
    <subfield code="t">&#x41B;&#x438;&#x448;&#x44C; &#x441;&#x435;&#x440;&#x434;&#x446;&#x435; &#x437;&#x43D;&#x430;&#x435;&#x442;</subfield>
  </datafield>
  <datafield tag="464" ind1=" " ind2="0">
    <subfield code="1">2001#$a&#x41F;&#x43E;&#x43B;&#x43F;&#x443;&#x442;&#x438;</subfield>
    <subfield code="t">&#x41F;&#x43E;&#x43B;&#x43F;&#x443;&#x442;&#x438;</subfield>
  </datafield>
  <datafield tag="464" ind1=" " ind2="0">
    <subfield code="1">2001#$a&#x41F;&#x43E;&#x43C;&#x43D;&#x438;&#x448;&#x44C;</subfield>
    <subfield code="t">&#x41F;&#x43E;&#x43C;&#x43D;&#x438;&#x448;&#x44C;</subfield>
  </datafield>
  <datafield tag="464" ind1=" " ind2="0">
    <subfield code="1">2001#$a&#x41F;&#x43E;&#x43C;&#x43D;&#x438;&#x448;&#x44C;$espeeded/remixed version</subfield>
    <subfield code="t">&#x41F;&#x43E;&#x43C;&#x43D;&#x438;&#x448;&#x44C;</subfield>
  </datafield>
  <datafield tag="464" ind1=" " ind2="0">
    <subfield code="1">2001#$a&#x41F;&#x43E;&#x441;&#x43B;&#x435;&#x434;&#x43D;&#x435;&#x435; &#x441;&#x432;&#x438;&#x434;&#x430;&#x43D;&#x438;&#x435;</subfield>
    <subfield code="t">&#x41F;&#x43E;&#x441;&#x43B;&#x435;&#x434;&#x43D;&#x435;&#x435; &#x441;&#x432;&#x438;&#x434;&#x430;&#x43D;&#x438;&#x435;</subfield>
  </datafield>
  <datafield tag="700" ind1=" " ind2="1">
    <subfield code="a">&#x41E;&#x440;&#x43B;&#x43E;&#x432;</subfield>
    <subfield code="b">&#x421;.</subfield>
    <subfield code="c">&#x430;&#x432;&#x442;&#x43E;&#x440;-&#x438;&#x441;&#x43F;&#x43E;&#x43B;&#x43D;&#x438;&#x442;&#x435;&#x43B;&#x44C;</subfield>
    <subfield code="g">&#x421;&#x435;&#x440;&#x433;&#x435;&#x439;</subfield>
    <subfield code="4">070</subfield>
  </datafield>
  <datafield tag="801" ind1=" " ind2="0">
    <subfield code="a">RU</subfield>
    <subfield code="b">NLR</subfield>
    <subfield code="c">20110524</subfield>
    <subfield code="g">PSBO</subfield>
  </datafield>
  <datafield tag="801" ind1=" " ind2="1">
    <subfield code="a">RU</subfield>
    <subfield code="b">NLR</subfield>
    <subfield code="c">20110524</subfield>
    <subfield code="2">rusmarc</subfield>
  </datafield>
  <datafield tag="801" ind1=" " ind2="2">
    <subfield code="a">RU</subfield>
    <subfield code="b">NLR</subfield>
    <subfield code="c">20151105</subfield>
  </datafield>
  <datafield tag="852" ind1=" " ind2=" ">
    <subfield code="a">NLR</subfield>
    <subfield code="b">&#x41C;&#x433;</subfield>
    <subfield code="j">&#x414;/1203</subfield>
    <subfield code="p">2749</subfield>
    <subfield code="t">1</subfield>
  </datafield>
  <datafield tag="942" ind1=" " ind2=" ">
    <subfield code="c">REC</subfield>
  </datafield>
  <datafield tag="980" ind1=" " ind2=" ">
    <subfield code="a">NB</subfield>
  </datafield>
  <datafield tag="980" ind1=" " ind2=" ">
    <subfield code="a">ONIZ</subfield>
  </datafield>
  <datafield tag="995" ind1=" " ind2=" ">
    <subfield code="5">2011-05-24</subfield>
    <subfield code="b">NLR01</subfield>
    <subfield code="c">NLR01</subfield>
    <subfield code="e">ONIZ</subfield>
    <subfield code="k">&#x414;/1203 &#x414;/1203</subfield>
    <subfield code="o">0</subfield>
    <subfield code="r">REC</subfield>
    <subfield code="s">1203_1203</subfield>
  </datafield>
</record>
